'Fore' Play Quiz Stats

 Plays Quiz not verified by Sporcle

Challenge
Share
Tweet
Embed
Score 0/20 Timer 04:00
0 Plays Today
Definition 'Fore' Word % Correct
Not after.Before
99.3%
What a meteorologist gets wrong every single time.Forecast
93.2%
Removal of trees from woodlands by heartless, money-grubbing developers.Deforestation
77.6%
Many conclusions are this.Foregone
67.3%
The driver in the Buick next to me the other day was digging this into his nose.Forefinger
65.3%
What your house goes into if you use credit cards with the reckless abandon of someone like, say, my wife.Foreclosure
63.3%
An impressive-sounding word, often found in legal documents and student essays, that means 'previously said or noted.'Aforementioned
59.2%
Most female tennis pros make a high-pitched grunt when performing these during a match.Forehands
53.7%
To abstain or do without. Like the Cubs and the World Series.Forego
51.7%
Consequently. Hence. As a result. Or what Tarzan would say if he saw the number four.Therefore
44.2%
Definition 'Fore' Word % Correct
A person (or ape, if you're to believe Darwin) from which you are descended.Forebear
44.2%
A sleeveless dress young in a girl's wardrobe, or a ship in a Gilbert & Sullivan play.Pinafore
43.5%
Not expected, like the F my son just got in Earth Science.Unforeseen
40.8%
The name of a cafe with animatronic jungle animals that either delight or terrify young children.Rainforest
30.6%
Never ending, like my father-in-law's stories about bow hunting in Kentucky with his Uncle ****.Forever
27.9%
Careful consideration of what will be necessary or may happen in the future. Or so says the OED.Forethought
26.5%
What Tarzan would say if he saw the number 24.Theretofore
20.4%
Last name of Horatio Hornblower creator.Forester
17%
The art of debate.Forensics
16.3%
Circumcised. (This is a word. Seriously.)Unforeskinned
10.9%

You're not logged in!

Compare scores with friends on all Sporcle quizzes.
OR
Log In

You Might Also Like...

Show Comments

Extras

Curator's Pick Aug 5, 2013ReportNominate
Tags:Definition Quiz, Letter Quiz, Play Quiz, fore

Top Quizzes Today


Score Distribution

Your Account Isn't Verified!

In order to create a playlist on Sporcle, you need to verify the email address you used during registration. Go to your Sporcle Settings to finish the process.

Report this User

Report this user for behavior that violates our Community Guidelines.

Details: